000 01025nam a2200253 i 4500
001 187384
003 ES-MaACL
005 20260304133035.0
008 170628s1911 sp |||| | spa d
080 _a821.134.2-95"18"
100 1 _aValera, Juan,
_d1824-1905
_9112638
245 1 0 _aCrítica literaria :
_b(1889-1896) /
_cJuan Valera.
260 _a[Madrid :
_bs.n.],
_c1911 (
_fImp. Alemana)
300 _a336 p. ;
_c17 cm.
490 1 _aObras completas ;
_v28
505 8 _aContiene: Autores portugueses que escribieron en castellano ; Disonancias y armonías entre la moral y la estética ; Currita Albornoz al Padre Coloma ; Las mujeres y las academias ; Teatro libre
530 _aDisponible en formato digital.
650 _aLiteratura-
_xHistoria y crítica.
_914489
830 1 _aObras completas ;
_v28
_9176447
852 _aES-MaACL
_jB-2872
_cSPB
856 4 _uhttp://bdh-rd.bne.es/viewer.vm?id=0000201088&page=1
_yBiblioteca Digital Hispánica
942 _2udc
999 _c187384
_d187384